00360nam a2200145Ia 4500003000400000008004100004040001600045082001700061100002100078245003900099260002000138650001500158650001900173650002200192GCL140319s9999 xx 000 0 eng d aGCL / cGCL04aCHb843bB C1 aBOTTET, BEATRICE10aLE CHAT BOTTE / cBOTTET, BEATRICE a[S.N] : bHEMMA04aLITERATURE04aFRENCH FICTION04aFRENCH LITERATURE